000 00309nam a22001097a 4500
082 _a320
100 _aJain, Dr. Komal
_983672
245 _aElectoral Reforms In India
_bA Comparison With U.K. & U.S. Legal Systems
260 _aJaipur
_bOxford Book Company
_c2022
650 _aPolitical Science
942 _cBK
999 _c68617
_d68617